Juventus 2010's Starting XI - Statistics

General Stats
  • This quiz has been taken 12,758 times
    12,234 since last reset
  • The average score is 24 of 44
Answer Stats
Player % Correct
Gianluigi Buffon
98%
Giorgio Chiellini
96%
Leonardo Bonucci
96%
Cristiano Ronaldo
93%
Mario Mandzukic
93%
Arturo Vidal
91%
Miralem Pjanic
91%
Paulo Dybala
91%
Paul Pogba
86%
Gonzalo Higuain
85%
Alex Sandro
82%
Wojciech Szczesny
82%
Sami Khedira
81%
Andrea Barzagli
79%
Joao Cancelo
77%
Stephan Lichtsteiner
76%
Juan Cuadrado
75%
Andrea Pirlo
74%
Blaise Matuidi
72%
Carlos Tevez
69%
Claudio Marchisio
69%
Rodrigo Bentancur
68%
Patrice Evra
65%
Alessandro Del Piero
62%
Kwadwo Asamoah
62%
Daniele Rugani
48%
Fernando Llorente
47%
Mirko Vucinic
40%
Alessandro Matri
26%
Sebastien Giovinco
24%
Roberto Pereyra
23%
Fabio Cannavaro
21%
Felipe Melo
21%
Marco Storari
18%
Diego
17%
Milos Krasic
17%
Christian Poulsen
16%
Fabio Grosso
15%
Paolo De Ceglie
15%
Simone Pepe
15%
Amauri
13%
Zdeněk Grygera
12%
Marco Motta
10%
Alberto Aquilani
5%
No matching quizzes found
Score Distribution
Percent of People with Each Score
Percentile by Number Answered
Your Score History
You have not taken this quiz since the last reset